Statistics for Artists That Have Worked with Royce Da 5'9

Click here to take the quiz!

General Stats

  • This quiz has been taken 4 times
  • The average score is 20 of 71

Answer Stats

Artist% Correct
Eminem
100%
Busta Rhymes
75%
DJ Premier
75%
Joe Budden
75%
Joell Ortiz
75%
KXNG Crooked
75%
White Gold
75%
2 Chainz
50%
Ashley Sorrell
50%
Benny the Butcher
50%
Big Sean
50%
Black Thought
50%
Conway the Machine
50%
Danny Brown
50%
Dej Loaf
50%
J. Cole
50%
King Green
50%
Lil Wayne
50%
Logic
50%
Pusha T
50%
Q-Tip
50%
Rick Ross
50%
Trick Trick
50%
Westside Gunn
50%
Yelawolf
50%
Ab-Soul
25%
Brady Watt
25%
Bruno Mars
25%
Dave East
25%
Denaun
25%
DMX
25%
Fabolous
25%
Grafh
25%
Grip
25%
Hopsin
25%
Jadakiss
25%
Kendrick Lamar
25%
Killer Mike
25%
Lazarus
25%
Mac Miller
25%
Obie Trice
25%
Redman
25%
Schoolboy Q
25%
Swifty McVay
25%
Talib Kweli
25%
Tech N9ne
25%
T.I.
25%
Tobe Nwigwe
25%
Agent Sasco
0%
Big K.R.I.T.
0%
Brill
0%
CeeLo Green
0%
Chavis Chandler
0%
Common
0%
Cory Gunz
0%
CyHi The Prynce
0%
Dwele
0%
Forever M.C.
0%
Gang Starr
0%
Group Home
0%
King Los
0%
Marsha Ambrosius
0%
Marv Won
0%
Melanie Rutherford
0%
Pharaohe Monch
0%
Rah Digga
0%
Rapsody
0%
RJ Payne
0%
Roc Marciano
0%
Sy Ari Da Kid
0%
T-Pain
0%

Score Distribution

Percentile by Number Answered

Percent of People with Each Score

Your Score History

You have not taken this quiz